Word Ladder: School Flick Quiz Stats

 Plays Quiz Updated Oct 2, 2015

Score 0/20 Timer 01:30
3 Plays Today
Clue 3-Letter Word % Correct
Barbie's partnerKEN
99.4%
Grown boysMEN
97.6%
✎ Next of ___ (relative) ✎💪 KIN 💪
97.3%
Mountain ___ (soda)DEW
96%
It jumped over the moonCOW
95.4%
___ Jones Industrial AverageDOW
91.9%
Stiller or Affleck, e.g.BEN
91.3%
Crow's soundCAW
91.3%
✎ Square root of 100 ✎💪 TEN 💪
91%
Gambling wagerBET
89.6%
Clue 3-Letter Word % Correct
Opposite of bottomTOP
88.4%
Point of a pencilTIP
87.1%
Can or material to make itTIN
87.1%
✎ Police Officer ✎💪 COP 💪
86.2%
Jalopy or JaguarCAR
82.8%
Bruce Wayne's spirit animalBAT
82.7%
French for 'sea'MER
71.5%
✎ Masculine, German article ✎💪 DER 💪
69.1%
Slang for gunGAT
59.9%
✎ Long, sharp-toothed fish ✎💪 GAR 💪
58.7%

Today's Daily Dose

You're not logged in!

Compare scores with friends on all Sporcle quizzes.
Join for Free
OR
Log In

You Might Also Like...

Show Comments

Extras

Top Quizzes Today


Score Distribution

Your Account Isn't Verified!

In order to create a playlist on Sporcle, you need to verify the email address you used during registration. Go to your Sporcle Settings to finish the process.

Report this User

Report this user for behavior that violates our Community Guidelines.

Details: